World Capitals Containing R (with a map) - Statistics

General Stats
  • This quiz has been taken 1,487 times
  • The average score is 176 of 196
Answers on the Map
Answers color-coded by a green-red scale on the quiz's map according to % correct below.
 
Answer Stats
capital % Correct
x
100%
Reykjavik
93%
Brasília
92%
Berlin
90%
Buenos Aires
89%
Madrid
89%
Riga
89%
Amsterdam
88%
Brussels
87%
Bucharest
87%
Canberra
87%
Paris
87%
Port-au-Prince
87%
Bern
86%
Rabat
85%
Cairo
84%
Georgetown
84%
Port-of-Spain
84%
Pretoria
84%
Rome
84%
Bratislava
83%
Prague
83%
Algiers
82%
Andorra la Vella
82%
Luxembourg
81%
San Salvador
81%
Warsaw
81%
Zagreb
81%
Pristina
80%
Tripoli
80%
Ulaanbaatar
80%
Ankara
79%
Belgrade
79%
Freetown
79%
Jakarta
79%
Jerusalem
79%
Riyadh
79%
Sucre
79%
Dakar
78%
Harare
78%
Khartoum
78%
Paramaribo
78%
Port Moresby
78%
Bridgetown
77%
Caracas
77%
Singapore
77%
Accra
76%
Nairobi
76%
Port Louis
76%
San Marino
76%
Sarajevo
76%
Tirana
76%
Antananarivo
75%
Brazzaville
75%
Podgorica
75%
Porto-Novo
75%
Tehran
75%
Yerevan
74%
Beirut
73%
Kuala Lumpur
73%
Monrovia
73%
Saint George's
73%
Victoria
73%
Roseau
72%
Basseterre
70%
Castries
70%
Libreville
70%
Port-Vila
70%
Praia
70%
Conakry
69%
Gaborone
69%
Bandar Seri Begawan
67%
Maseru
67%
Moroni
66%
Asmara
65%
Honiara
64%
Palikir
61%
Yamoussoukro
61%
Yaren
61%
Majuro
56%
Ngerulmud
55%
South Tarawa
54%
Sri Jayawarde- napura Kotte
52%
Bujumbura
39%
No matching quizzes found
Score Distribution
Percent of People with Each Score
Percentile by Number Answered
Your Score History
You have not taken this quiz